| 000 | 01119nam0a22002651 4500 | ||
|---|---|---|---|
| 001 | rc\3026309 | ||
| 005 | 20250806201529.0 | ||
| 035 | _a(NLR Aleph) 007167709 | ||
| 090 |
_a41508 _c41508 |
||
| 100 | _a20110929d1944 u y0rusy50 ca | ||
| 101 | 0 | _arus | |
| 102 | _aRU | ||
| 105 | _aa z ||||| | ||
| 200 | 1 |
_aИскусственное осеменение и случка лошадей _eРуководство для техников по искусств. осеменению и заведующих конскими случными пунктами _fГ.В. Паршутин, П.Н. Скаткин _gВсес. н.-и. ин-т коневодства |
|
| 210 |
_aМосква _cСельхозгиз _d1944 |
||
| 215 |
_a96 с. _cил. _d20 см |
||
| 700 | 1 |
_aПаршутин _bГ.В. _gГригорий Васильевич |
|
| 701 | 1 |
_aСкаткин _bП.Н. _gПетр Николаевич |
|
| 801 | 0 |
_aRU _bNLR _gpsbo |
|
| 801 | 1 |
_aRU _bELAR _2rusmarc |
|
| 852 |
_aNLR _bС _j90 Г-4/130 |
||
| 942 | _cBOOK | ||
| 945 | _aРоссийская национальная библиотека | ||
| 980 | _aNB | ||
| 980 | _aBV | ||